Haitian cuisine & more / (Record no. 1842)

MARC details
000 -LEADER
fixed length control field 01215cam a22003977a 4500
001 - CONTROL NUMBER
control field data
005 - DATE AND TIME OF LATEST TRANSACTION
control field 20260322212120.0
008 - FIXED-LENGTH DATA ELEMENTS--GENERAL INFORMATION
fixed length control field data
035 ## - SYSTEM CONTROL NUMBER
System control number 14533085
010 ## - LIBRARY OF CONGRESS CONTROL NUMBER
LC control number 2006297727
020 ## - INTERNATIONAL STANDARD BOOK NUMBER
International Standard Book Number 0974563307
020 ## - INTERNATIONAL STANDARD BOOK NUMBER
International Standard Book Number 9780974563305
035 ## - SYSTEM CONTROL NUMBER
System control number (OCoLC)70789673
040 ## - CATALOGING SOURCE
Original cataloging agency FFL
Transcribing agency FFL
Modifying agency DLC
042 ## - AUTHENTICATION CODE
Authentication code lccopycat
050 00 - LIBRARY OF CONGRESS CALL NUMBER
Classification number TX716.H3
Item number B56 2003
082 00 - DEWEY DECIMAL CLASSIFICATION NUMBER
Classification number 641.5/97294
Edition information 22
100 1# - MAIN ENTRY--PERSONAL NAME
Personal name Blot, Anssie.
245 10 - TITLE STATEMENT
Title Haitian cuisine & more /
Statement of responsibility, etc. by Anssie Blot.
260 ## - PUBLICATION, DISTRIBUTION, ETC.
Place of publication, distribution, etc. [S.l.] :
Name of publisher, distributor, etc. Anssie Blot ,
Date of publication, distribution, etc. c2003.
300 ## - PHYSICAL DESCRIPTION
Extent 160 p. :
Other physical details col. ill. ;
Dimensions 28 cm.
336 ## - CONTENT TYPE
Content type term text
Content type code txt
Source rdacontent
337 ## - MEDIA TYPE
Media type term unmediated
Media type code n
Source rdamedia
338 ## - CARRIER TYPE
Carrier type term volume
Carrier type code nc
Source rdacarrier
500 ## - GENERAL NOTE
General note Includes index.
650 #0 - SUBJECT ADDED ENTRY--TOPICAL TERM
Topical term or geographic name entry element Cooking, Haitian.
650 #0 - SUBJECT ADDED ENTRY--TOPICAL TERM
Topical term or geographic name entry element Cooking, Creole.
650 #0 - SUBJECT ADDED ENTRY--TOPICAL TERM
Topical term or geographic name entry element Cooking
Geographic subdivision Bahamas.
650 #0 - SUBJECT ADDED ENTRY--TOPICAL TERM
Topical term or geographic name entry element Cooking, Philippine.
650 #0 - SUBJECT ADDED ENTRY--TOPICAL TERM
Topical term or geographic name entry element Cooking, Jamaican.
650 #0 - SUBJECT ADDED ENTRY--TOPICAL TERM
Topical term or geographic name entry element Cooking, Cuban.
906 ## - LOCAL DATA ELEMENT F, LDF (RLIN)
a 7
b cbc
c copycat
d 2
e ncip
f 20
g y-gencatlg
925 0# -
-- acquire
-- 2 shelf copies
-- policy default
955 ## - COPY-LEVEL INFORMATION (RLIN)
-- jx03 2006-09-22 to Dewey
Holdings
Withdrawn status Lost status Damaged status Not for loan Home library Current library Shelving location Date acquired Total checkouts Full call number Barcode Date last seen Price effective from Koha item type
        Centerville Centerville General stacks 22/03/2026   641.5/97294 LOC-CPL-00010 22/03/2026 22/03/2026 Books